000 00624nam a2200205Ii 4500
001 7694
003 CO-ViMGA
008 241108s9999||||xx |||||||||||||| ||und||
040 _aCO-ViMGA
_bspa
_erda
_cCO-ViMGA
041 0 _aunk
082 0 4 _aC-R397
100 1 _aFrancisco de P Rendón
_954581
245 1 0 _aCuentos y novelas
264 1 _a[Lugar de publicación no identificado] : Beudout, [Fecha de publicación no identificada]
300 _avolumen
336 _atext
_btxt
_2rdacontent
337 _aunmediated
_bn
_2rdamedia
338 _avolume
_bnc
_2rdacarrier
940 _aidficha_siabuc: 7519. -- ficha_no_siabuc:7694
999 _c51665
_d51665